01198nam a2200301Ia 450000500170000000800370001702000180005404100080007208200170008010000450009724501080014225000180025030000250026849000940029350000550038750400330044265000330047565000210050870000450052994200120057426400410058633600270062733700330065433800280068704000350071599900150075095201310076520220317001857.0170410s2012 s g 000 0 s a9788477749448 aspa04a111.85bF85e1 aFumagalli Beonio Brocchieri, Mariateresa13aLa estética medievalcMariateresa Fumagalli Beonio Brocchieri ; traducción de Juan Antonio Méndez a1a. edición a142 páginasc22 cm aLa balsa de la medusa : léxico de estética ; momentos de la historia de la estética aIncluye datos biográficos de la autora en solapa aIncluye nota bibliográfica142LEMBaArmonía (estética)142LEMBaEstética1 aMéndez, Juan Antonioetraductor978279 2ddccBK aMadridbAntonio Machado Librosc2012 atextobtxt2rdacontent asin mediaciónbn2rdamedia avolumenbnc2rdacarrier aCO-BoRNBPbspaerdacCO-BoRNBP c8393d8393 00102ddc40708GENaMELAJULIbMELAJULIcGENd2025-10-20l0o111.85 F85epJUL00103r2025-10-20 19:11:47tEj.1w2025-10-20yBK